000 00324nam a22001337a 4500
005 20160414050150.0
008 121025s2013 nyua 001 0 eng
020 _a9780071769471
020 _a0071769471
041 0 _aeng
080 _a658
245 1 0 _aManager's guide to navigating change /
_cStephen Rock.
942 _2udc
_cBK
999 _c635
_d635